00498nam a22001697a 450000500170000001000130001702000260003003500130005603700130006908200120008210000160009424500660011026000460017627000650022230000220028750000190030920180918144046.0 aB-705552 a9780143420323c399.00 aB-705552 bRK Books a330.954 aJalan Bimal aEmerging India:beconomics, politics & reforms /cBimal Jalan aGurgaonbPenguin Random House Indiac2013 a7th Floor, Infinity Tower C, DLF Cyber CitybGurgaone122002 a307p.c20cm (pbk) aincludes index